000 00293nam a22001337a 4500
008 260212b ||||| |||| 00| 0 eng d
020 _a9788861823686
041 _aital
080 _a0.2
100 _a20
101 _aital
245 _aAmore E Cappuccino
_cValeria Blasi
942 _2lcc
_cBK
999 _c60792
_d60792